| 000 | 01212cam a2200349 a 4500 | ||
|---|---|---|---|
| 001 | 16115758 | ||
| 005 | 20230606105031.0 | ||
| 008 | 100303s2010 ke a b 000 0 eng | ||
| 010 | _a 2010305121 | ||
| 016 | 7 |
_a015663283 _2Uk |
|
| 020 | _z9789966739122 | ||
| 035 | _a(OCoLC)ocn659876681 | ||
| 040 |
_aCUY _cCUY _dOSU _dDLC _dUKMGB _dZCU _dSTF _dDLC |
||
| 042 | _apcc | ||
| 043 | _af-ke--- | ||
| 050 | 0 | 0 |
_aJQ2947.A56 _bD48 2010 |
| 082 | _a338.9009172 | ||
| 245 | 0 | 0 |
_aDevolution in Kenya : _bprospects, challenges and the future / _c[edited by Albert K. Mwenda]. |
| 260 |
_aNairobi, Kenya : _bInstitute of Economic Affairs, _c2010. |
||
| 300 |
_a115 p. : _bill. ; _c25 cm. |
||
| 490 | 1 |
_aIEA research paper series ; _vno. 24 |
|
| 504 | _aIncludes bibliographical references. | ||
| 650 | 0 |
_aDecentralization in government _zKenya. |
|
| 650 | 0 |
_aLocal government _zKenya. |
|
| 700 | 1 | _aMwenda, Albert K. | |
| 710 | 2 | _aInstitute of Economic Affairs (Kenya) | |
| 830 | 0 |
_aIEA research paper series ; _vno. 24. |
|
| 906 |
_a7 _bcbc _cpccadap _d3 _encip _f20 _gy-gencatlg |
||
| 942 |
_2ddc _cBK |
||
| 999 |
_c567 _d567 |
||